Catálogo

Vista normal Vista MARC

Entrada Personal Name

Número de registros utilizados en: 1

001 - CONTROL NUMBER

  • control field: 17042

003 - CONTROL NUMBER IDENTIFIER

  • control field: DLC

005 - DATE AND TIME OF LATEST TRANSACTION

  • control field: 20250509090450.0

008 - FIXED-LENGTH DATA ELEMENTS

  • fixed length control field: 100923n| azannaabn |a aaa c

010 ## - LIBRARY OF CONGRESS CONTROL NUMBER

  • LC control number: no2010155177

035 ## - SYSTEM CONTROL NUMBER

  • System control number: (OCoLC)oca08634749

040 ## - CATALOGING SOURCE

  • Original cataloging agency: CSt
  • Language of cataloging: spa
  • Description conventions: rda
  • Transcribing agency: Mx-PuUPA
  • Modifying agency: DLC
  • Modifying agency: ICU
  • Modifying agency: DLC
  • Modifying agency: Mx-PuUPA

100 1# - HEADING--PERSONAL NAME

  • Personal name: Lara Gómez, Graciela,

370 ## - ASSOCIATED PLACE

  • Other associated place: Querétaro (México)
  • Other associated place: Mexico City (México)
  • Source of term: naf

373 ## - ASSOCIATED GROUP

  • Associated group: Universidad Autónoma de Querétaro. Facultad de Contaduría y Administración
  • Source of term: naf

373 ## - ASSOCIATED GROUP

  • Associated group: Universidad Autónoma Metropolitana. Unidad Iztapalapa
  • Source of term: naf

374 ## - OCCUPATION

  • Occupation: Autor

375 ## - GENDER

  • Gender: mujer

377 ## - ASSOCIATED LANGUAGE

  • Language code: spa

400 1# - SEE FROM TRACING--PERSONAL NAME

  • Personal name: Gómez, Graciela Lara

400 1# - SEE FROM TRACING--PERSONAL NAME

  • Personal name: Lara, G.
  • Fuller form of name: (Graciela Lara Gómez)

670 ## - SOURCE DATA FOUND

  • Source citation: Visión global de las cooperativas, 2009:
  • Information found: t.p. (Graciela Lara Gómez) front flap of cover (prof. researcher at Facultad de Contaduría de la Univ. Autónoma de Querétaro) p. 69 (bib. ref.: Lara Gómez, Graciela)

670 ## - SOURCE DATA FOUND

  • Source citation: Tecnología y desarrollo, 2015:
  • Information found: t.p. (Graciela Lara Gómez) p. 46 (bib. ref.: Lara, G.) front flap (doctorate in organizational studies from Univ. Aut. Metropolitana-Iztapalapa; prof.-researcher, Fac. de Contaduría y Administración, Univ. Aut. de Querétaro)